「の」が2つ含まれる駅名 - Statistics

General Stats
  • This quiz has been taken 90 times
  • The average score is 6 of 18
Answer Stats
頭文字 都府県 駅名 読み % Correct
「の」 石川県 野々市 ののいち
90%
「の」 石川県 野々市 ののいち
90%
「の」 石川県 野々市工大前 ののいちこうだいまえ
41%
「し」 東京都 東雲 しののめ
39%
「し」 京都府 東雲 しののめ
39%
「し」 長野県 篠ノ井 しののい
37%
「の」 宮城県 のの岳 ののだけ
37%
「え」 高知県 襟野々 えりのの
27%
「あ」 秋田県 相野々 あいのの
26%
「さ」 群馬県 佐野のわたし さののわたし
23%
「の」 岡山県 野々口 ののくち
20%
「み」 大阪府 箕面萱野 みのおかやの
19%
「え」 宮崎県 えびの飯野 えびのいいの
16%
「の」 石川県 能登二宮 のとにのみや
16%
「し」 長野県 信濃浅野 しなのあさの
14%
「い」 宮城県 石巻あゆみ野 いしのまきあゆみの
10%
「こ」 兵庫県 コウノトリの郷 こうのとりのさと
10%
「お」 兵庫県 尾上の松 おのえのまつ
7%
No matching quizzes found
Score Distribution
Percent of People with Each Score
Percentile by Number Answered
Your Score History
You have not taken this quiz